000 01380nam0a22003251 4500
001 rc\3924722
005 20260407083058.0
021 _aRU
_b[52-7092]
035 _a(NLR Aleph) 008028282
090 _a8804741
_c8804741
100 _a20130415d1952 |||y0rusy50 ca
101 0 _arus
102 _aRU
105 _ay c |||||
200 1 _aС.С. Яковлев (Эрилик Эристин)
_eУказатель литературы
_fЯкут. гос. науч. б-ка им. А.С. Пушкина
210 _aЯкутск
_cГосиздат ЯАССР
_d1952
215 _a11 с.
_d15
225 1 _aПисатели Якутии
300 _aНа обороте тит. л.: сост. Н.М. Алексеев
606 _aЯкутская литература
_jБиблиография
_2psbo
700 1 _4220
_7ca
_8rus
_aАлексеев
_bН. М.
_cбиблиограф
_f1906-1975
_gНиколай Михайлович
_9170273
_3RU\NLR\AUTH\770170323
702 1 _aЭрилик
_bЭ.
_f1892-1942
_gЭристин
_4570
712 0 2 _aЯкутская республиканская научная библиотека им. А. С. Пушкина
_9290681
_3RU\NLR\AUTH\889085
801 0 _aRU
_bNLR
_gpsbo
801 1 _aRU
_bELAR
_2rusmarc
852 _aNLR
_bОНЛ
_j641/Я-47
852 _aNLR
_bОНЛ
_jЯкут./1-175
942 _cBOOK
980 _aNB